| 000 -LEADER |
| fixed length control field |
02436nam a22001937a 4500 |
| 005 - DATE AND TIME OF LATEST TRANSACTION |
| control field |
20260202150642.0 |
| 008 - FIXED-LENGTH DATA ELEMENTS--GENERAL INFORMATION |
| fixed length control field |
260127b ||||| |||| 00| 0 eng d |
| 040 ## - CATALOGING SOURCE |
| Transcribing agency |
SSBUL |
| 082 ## - DEWEY DECIMAL CLASSIFICATION NUMBER |
| Edition number |
23 |
| Item number |
T-5 Ph.D |
| 100 10 - MAIN ENTRY--PERSONAL NAME |
| Personal name |
Thant zin |
| Dates associated with a name |
4 PhD-Hist-4 |
| 9 (RLIN) |
65794 |
| 245 10 - TITLE STATEMENT |
| Title |
History of Shwebo Township (1948-1958) / |
| Statement of responsibility, etc. |
Thant Zin |
| Medium |
English |
| 260 ## - PUBLICATION, DISTRIBUTION, ETC. |
| Place of publication, distribution, etc. |
Mandalay : |
| Name of publisher, distributor, etc. |
University of Mandalay, |
| Date of publication, distribution, etc. |
2012 |
| 300 ## - PHYSICAL DESCRIPTION |
| Extent |
xix, 161 pages; |
| Dimensions |
30 cm. |
| 502 ## - DISSERTATION NOTE |
| Dissertation note |
The History of Shwebo Township (1948-1958) is an attempt by the doctoral candidate to present the prevailing situation of Shwebo immediately after Independence in 4th January 1948 ; the reconstruction, change and development in the ensuing decade in the climate of govemence as an independent nation just liberated from a century of British colonial rule in Myanmar. Shwebo is in fact a microcosm of the nation, and all happenings in the macro world reflects Shwebo in all aspects of the panornama. The dissertation presented an analysis of ten years of experimentation of the newly framed Constitution under supremacy of the people' mandate, and representative parliamentary democratic sychoice system formed by the political parties entrusted by electors through people 's choice by casting their ballot of right of determination in the electoral system to give the majority power to run the government. In retrospect Shwebo was chosen because it was the seat of power of the last Konbaung Dynasty founded by U Aung Zeya, King Alaungmintaya. This historical background provided an introduction to the sectors meriting discussion and analysis such as the political situation where partisan politics dominate the will of the people, and the catastrophic insurgency that stunted all efforts of reconstruction and development. The economic conditions discussed on the state of the Shwebo ecnomy, production and sale of paddy as social structure, education religion and religious festivals, Thingyan revelries and the popular witty slogans etc. The dissertation concludes with the reviews and critical summary on the entire dissertation. |
| Degree type |
PhD |
| Name of granting institution |
University of Mandalay |
| Year degree granted |
2012 |
| 504 ## - BIBLIOGRAPHY, ETC. NOTE |
| Bibliography, etc. note |
includes Bibliography, Maps |
| 505 ## - FORMATTED CONTENTS NOTE |
| Formatted contents note |
Contents<br/>Introduction<br/>Chapters<br/>1. Historical Background<br/>2. Political Situations<br/>3. Economic Conditions<br/>4. Social Conditions<br/>Conclusion |
| Statement of responsibility |
Thant Zin |
| Title |
History of Shwebo Township (1948-1958) |
| 650 ## - SUBJECT ADDED ENTRY--TOPICAL TERM |
| Topical term or geographic name entry element |
Shwebo-Myanamar |
| 9 (RLIN) |
65795 |
| General subdivision |
History |
| Chronological subdivision |
(1948-1958) |
| 942 ## - ADDED ENTRY ELEMENTS (KOHA) |
| Source of classification or shelving scheme |
|
| Koha item type |
Reference |